| 000 | 01923cam a2200469 a 4500 | ||
|---|---|---|---|
| 001 | 15230348 | ||
| 005 | 20080409133449.0 | ||
| 008 | 080324s2007 enk b 101 0 eng c | ||
| 010 | _a 2008272664 | ||
| 015 |
_aGBA6A6052 _2bnb |
||
| 016 | 7 |
_a013629393 _2Uk |
|
| 020 | _a9780521860116 (cased) | ||
| 020 | _a9780521677516 (pbk.) | ||
| 020 | _a0521677513 (pbk.) | ||
| 035 | _a(OCoLC)ocm77256949 | ||
| 040 |
_aUKM _cUKM _dBAKER _dBTCTA _dBWKUK _dYDXCP _dNDD _dNLGGC _dIXA _dDLC |
||
| 042 |
_aukblsr _apcc |
||
| 043 | _ae------ | ||
| 050 | 0 | 0 |
_aBP65.A1 _bI86 2007 |
| 082 |
_222 _a297.094 _bISL |
||
| 084 |
_a11.80 _2bcl |
||
| 245 | 0 | 0 |
_aIslam in Europe : _bDiversity, identity and influence / _cEdited by Aziz al-Azmeh and Effie Fokas. |
| 260 |
_aCambridge : _bCambridge University Press, _cc2007. |
||
| 300 |
_axi, 223 p. ; _c24 cm. |
||
| 504 | _aIncludes bibliographical references and index. | ||
| 650 | 0 |
_aIslam _zEurope. _95004 |
|
| 650 | 0 |
_aIslam _zEuropean Union countries. _95005 |
|
| 650 | 0 |
_aMuslims _zEurope. _95006 |
|
| 650 | 0 |
_aMuslims _zEuropean Union countries. _95007 |
|
| 650 | 1 | 7 |
_aIslamieten. _2gtt _95008 |
| 650 | 1 | 7 |
_aIdentiteit. _2gtt _95009 |
| 650 | 1 | 7 |
_aDiversiteit. _2gtt _95010 |
| 651 | 7 |
_aEuropa (geografie) _2gtt _95011 |
|
| 700 | 1 |
_aAl- Azmeh, Aziz. _95012 |
|
| 700 | 1 |
_aFokas, Effie. _95013 |
|
| 856 | 4 | 2 |
_3Contributor biographical information _uhttp://www.loc.gov/catdir/enhancements/fy0827/2008272664-b.html |
| 856 | 4 | 2 |
_3Publisher description _uhttp://www.loc.gov/catdir/enhancements/fy0827/2008272664-d.html |
| 856 | 4 | 1 |
_3Table of contents only _uhttp://www.loc.gov/catdir/enhancements/fy0827/2008272664-t.html |
| 942 |
_2ddc _cBB |
||
| 999 |
_c11591 _d11591 |
||